00932nam a22002777a 45000010005000000030006000050050017000110080041000280200015000690400029000840500015001130820011001281000019001392450041001582500039001992600040002383000044002784900034003225050008003565200139003645210020005035210020005236500058005436500027006016500026006288792FISKH20251021095925.0251021b cb ||||| |||| 00| 0 eng d a0060267399 aFISKHbengcFISKHdFISKH a PZ7.Y44 C a813.54 aYep, Laurence  aChild of the owl / cBy Laurence Yep aFirst Harper Trophy edition, 1990. aNew York : bHarperTrophy , c1977. a216 pages : billustrations ;c20 cm .  aGolden Mountain Chroniclesv7 aZ  aA twelve-year-old girl who knows little about her Chinese heritage is sent to live with her grandmother in San Francisco's Chinatown. 8 a920 bLexile 8 aZ bRaz-Plus  aChinese Americans- California- San FranciscovFiction aSan FranciscovFiction aGrandmothersvFiction